| 000 | 00752nam a2200205 a 4500 | ||
|---|---|---|---|
| 001 | 000040632 | ||
| 005 | 20201002034250.0 | ||
| 008 | 130904s2010 sp a 001 0 spa d | ||
| 020 | _a9788420639710 | ||
| 040 |
_aDO-SdBNP _bspa _cBNPHU |
||
| 100 | 1 |
_aHawking, S.W. _g(Stephen W.) _966983 |
|
| 240 | 1 | 0 | _aABrief history of time, from the big to black |
| 245 | 1 | 0 |
_aHistoria del tiempo : _bDel big bang a los agujeros negros / _cStephen W. Hawking; traducción Miguel Ortuño. |
| 260 |
_aMadrid : _bAlianza, _c2010. |
||
| 300 |
_a267 p. : _bil. ; _c20 cm. |
||
| 490 | 1 |
_aEl libro de bolsillo ; _aCiencia y técnica |
|
| 500 | _aUndécima reimpresión | ||
| 700 | 1 |
_aOrtuño, Miguel _etr. _966984 |
|
| 830 | 0 |
_aEl libro de bolsillo _pCiencia y técnica _947029 |
|
| 999 |
_c40122 _d40122 |
||